第59回宝塚記念 出走馬 - Statistics

General Stats
  • This quiz has been taken 12 times
  • The average score is 5 of 16
Answer Stats
着順 枠番 馬番 馬名 性齢 騎手名 単勝
人気
% Correct
1 2 4 ミッキーロケット 牡5 和田竜二 7
91%
6 2 3 サトノダイヤモンド 牡5 C.ルメール 1
73%
2 7 13 ワーザー セン7 H.ボウマン 10
64%
4 5 10 ヴィブロス 牝5 福永祐一 3
45%
8 8 16 キセキ 牡4 M.デムーロ 2
36%
10 7 14 スマートレイアー 牝8 松山弘平 13
36%
12 5 9 サトノクラウン 牡6 石橋脩 6
36%
3 1 2 ノーブルマーズ 牡5 高倉稜 12
27%
5 4 8 ダンビュライト 牡4 武豊 5
18%
13 3 6 アルバート 牡7 藤岡康太 15
18%
14 8 15 ゼーヴィント 牡5 池添謙一 9
18%
15 6 12 タツゴウゲキ 牡6 秋山真一郎 16
18%
16 6 11 サイモンラムセス 牡8 小牧太 14
18%
7 1 1 ステファノス 牡7 岩田康誠 11
9%
9 4 7 パフォーマプロミス 牡6 戸崎圭太 4
9%
11 3 5 ストロングタイタン 牡5 川田将雅 8
9%
No matching quizzes found
Score Distribution
Percent of People with Each Score
Percentile by Number Answered
Your Score History
You have not taken this quiz